| 000 | 00476nam a22001577a 4500 | ||
|---|---|---|---|
| 005 | 20260202153338.0 | ||
| 008 | 260202b |||||||| |||| 00| 0 eng d | ||
| 020 | _a978-93-5152-211-9 | ||
| 100 | _aMAHANTA, PATUL | ||
| 245 | _aMODERN TEXTBOOK OF FORENSIC MEDICINE AND TOXICOLOGY | ||
| 260 |
_aNEW DELHI _bJAYPEE BROTHERS MEDICAL PUBLISHERS _c2014 |
||
| 300 | _aXL, 786P. | ||
| 500 | _aINCLUDES INDEX | ||
| 650 | _aFORENSIC MEDICINE (GENERAL) TOXICOLOGY | ||
| 942 |
_2lcc _cBK |
||
| 999 |
_c216507 _d216507 |
||